[Event "Carnaval"]
[Site "Quebec CAN"]
[Date "2004.02.14"]
[Round "3"]
[White "Lawson, Eric"]
[Black "Lessard, Claude"]
[Result "1-0"]
[WhiteElo "2347"]
[BlackElo "2001"]
[PlyCount "109"]
[GameId "2160767911192021"]
[EventDate "2004.02.13"]
[EventType "swiss"]
[EventRounds "5"]
[EventCountry "CAN"]
[SourceTitle "EXT 2005"]
[Source "ChessBase"]
[SourceDate "2004.11.15"]
[SourceVersion "1"]
[SourceVersionDate "2004.11.15"]
[SourceQuality "1"]

1. d4 Nf6 2. Bg5 c5 3. d5 d6 4. Nc3 Nbd7 5. e4 a6 6. a4 g6 7. f3 Bg7 8. Nh3 O-O 9. Qd2 Qa5 10. Bh6 Ne5 11. Bxg7 Kxg7 12. Nf4 b5 13. h4 h5 14. Nd1 Qxd2+ 15. Kxd2 Bd7 16. a5 Rfc8 17. Ne3 c4 18. Be2 b4 19. c3 Rab8 20. Nc2 bxc3+ 21. bxc3 Rb2 22. Rhb1 Rcb8 23. Kc1 R2b3 24. Rxb3 Rxb3 25. Ra3 Rb8 26. Ne3 Bb5 27. Nh3 Nfd7 28. f4 Nd3+ 29. Bxd3 cxd3 30. c4 Rc8 31. Kd2 Rxc4 32. Nxc4 Bxc4 33. Rc3 Bb5 34. Nf2 Nc5 35. Rxc5 dxc5 36. Nxd3 c4 37. Nb2 f6 38. Kc3 g5 39. g3 gxh4 40. gxh4 Kf7 41. Nxc4 Ke8 42. Kd4 Kd7 43. Kc5 Kc7 44. e5 Kd7 45. Nd2 Bd3 46. Kb6 Kc8 47. Kc6 Bb5+ 48. Kc5 Bd3 49. Nf3 Kc7 50. Nd4 Kd7 51. e6+ Ke8 52. d6 exd6+ 53. Kxd6 Be4 54. e7 Bg6 55. Ne6 1-0

[Event "Carnaval"]
[Site "Quebec CAN"]
[Date "2004.02.14"]
[Round "3"]
[White "Marquis, Paul"]
[Black "Larochelle, Martial"]
[Result "0-1"]
[WhiteElo "1968"]
[BlackElo "2194"]
[PlyCount "82"]
[GameId "2160767911192022"]
[EventDate "2004.02.13"]
[EventType "swiss"]
[EventRounds "5"]
[EventCountry "CAN"]
[SourceTitle "EXT 2005"]
[Source "ChessBase"]
[SourceDate "2004.11.15"]
[SourceVersion "1"]
[SourceVersionDate "2004.11.15"]
[SourceQuality "1"]

1. e4 c5 2. Nf3 d6 3. d4 cxd4 4. Nxd4 Nf6 5. Nc3 a6 6. Bc4 e6 7. Bb3 b5 8. a3 Be7 9. O-O O-O 10. f4 Bb7 11. Kh1 Nxe4 12. Nxe4 Bxe4 13. Bxe6 fxe6 14. Nxe6 Qc8 15. Nxf8 Bxf8 16. c3 Qf5 17. Be3 Nd7 18. Bd4 Nc5 19. Bxc5 dxc5 20. Qd2 Bd3 21. Rf3 c4 22. Re1 Bd6 23. Qe3 Rf8 24. Qe6+ Qxe6 25. Rxe6 Bxf4 26. Re1 Bd2 27. Rxf8+ Kxf8 28. Rd1 Bg5 29. Re1 Kf7 30. g3 Bf6 31. Kg2 a5 32. Rc1 Ke6 33. Kf3 Kd5 34. Rd1 Kc5 35. Ke3 b4 36. axb4+ axb4 37. Kd2 bxc3+ 38. bxc3 Bg5+ 39. Ke1 Kd5 40. Kf2 Bf6 41. Rc1 Kc5 0-1

[Event "Carnaval"]
[Site "Quebec CAN"]
[Date "2004.02.14"]
[Round "3"]
[White "Sauve, Richard"]
[Black "Landry, Sylvain"]
[Result "0-1"]
[WhiteElo "1992"]
[BlackElo "1980"]
[PlyCount "86"]
[GameId "2160767911192023"]
[EventDate "2004.02.13"]
[EventType "swiss"]
[EventRounds "5"]
[EventCountry "CAN"]
[SourceTitle "EXT 2005"]
[Source "ChessBase"]
[SourceDate "2004.11.15"]
[SourceVersion "1"]
[SourceVersionDate "2004.11.15"]
[SourceQuality "1"]

1. d4 d5 2. c4 c6 3. Nc3 Nf6 4. e3 e6 5. Nf3 Nbd7 6. Bd3 dxc4 7. Bxc4 b5 8. Bd3 a6 9. O-O c5 10. Qe2 Bb7 11. b3 Be7 12. Bb2 Qb6 13. Rac1 O-O 14. dxc5 Bxc5 15. Bb1 Rfd8 16. h3 Rac8 17. Rfd1 Bf8 18. Kh1 g6 19. Nd2 Nh5 20. Be4 Bxe4 21. Ndxe4 f5 22. Ng5 Bg7 23. Nf3 Nc5 24. Rxd8+ Rxd8 25. Rd1 b4 26. Rxd8+ Qxd8 27. Nd1 Ne4 28. Kg1 Nc3 29. Bxc3 bxc3 30. Qc2 Qc7 31. Nd2 f4 32. Ne4 fxe3 33. fxe3 Ng3 34. Ndxc3 Nxe4 35. Qxe4 Qxc3 36. Qxe6+ Kf8 37. Qd6+ Kf7 38. Qd7+ Kf6 39. Qd8+ Kf5 40. Qd5+ Be5 41. g4+ Kg5 42. Qd8+ Bf6 43. Qd5+ Qe5 0-1

[Event "Carnaval"]
[Site "Quebec CAN"]
[Date "2004.02.14"]
[Round "3"]
[White "St Amand, Paul Jr"]
[Black "Carrier, Claude"]
[Result "1/2-1/2"]
[WhiteElo "2090"]
[BlackElo "1847"]
[PlyCount "63"]
[GameId "2160767911192024"]
[EventDate "2004.02.13"]
[EventType "swiss"]
[EventRounds "5"]
[EventCountry "CAN"]
[SourceTitle "EXT 2005"]
[Source "ChessBase"]
[SourceDate "2004.11.15"]
[SourceVersion "1"]
[SourceVersionDate "2004.11.15"]
[SourceQuality "1"]

1. e4 c5 2. c3 d5 3. exd5 Qxd5 4. d4 Nc6 5. Nf3 cxd4 6. cxd4 e5 7. Nc3 Bb4 8. Bd2 Bxc3 9. Bxc3 e4 10. Ne5 Nxe5 11. dxe5 Ne7 12. Be2 O-O 13. O-O Bd7 14. Qc2 Bc6 15. Rfd1 Qe6 16. Qd2 Nf5 17. Qf4 Rad8 18. Bg4 g6 19. Bxf5 Qxf5 20. Qh4 Rd3 21. Rxd3 exd3 22. h3 Qe4 23. Qxe4 Bxe4 24. Rd1 Rd8 25. f3 Bc6 26. Kf2 Kf8 27. Ke3 Ke7 28. Bd4 Bb5 29. Bxa7 Rc8 30. Rd2 Rc1 31. Kd4 Ke6 32. Bb8 1/2-1/2

[Event "Carnaval"]
[Site "Quebec CAN"]
[Date "2004.02.15"]
[Round "4"]
[White "Auger, Bertrand"]
[Black "Carrier, Claude"]
[Result "1-0"]
[WhiteElo "2099"]
[BlackElo "1847"]
[PlyCount "75"]
[GameId "2160767911192025"]
[EventDate "2004.02.13"]
[EventType "swiss"]
[EventRounds "5"]
[EventCountry "CAN"]
[SourceTitle "EXT 2005"]
[Source "ChessBase"]
[SourceDate "2004.11.15"]
[SourceVersion "1"]
[SourceVersionDate "2004.11.15"]
[SourceQuality "1"]

1. Nf3 Nf6 2. g3 d5 3. Bg2 g6 4. b4 c5 5. bxc5 Qa5 6. O-O Qxc5 7. d3 Bg7 8. Bb2 O-O 9. Nbd2 Qc7 10. c4 Nc6 11. cxd5 Nxd5 12. Bxg7 Kxg7 13. Rc1 e6 14. Nd4 Qb6 15. Nxc6 bxc6 16. Nc4 Qc7 17. Qd2 Rb8 18. Na5 Bd7 19. Rc5 Rb5 20. Rfc1 Rfb8 21. Nb3 Qd6 22. h4 a5 23. h5 a4 24. h6+ Kg8 25. Rxb5 Rxb5 26. Na5 Qb4 27. Qxb4 Nxb4 28. Bxc6 Bxc6 29. Nxc6 Nxa2 30. Rc2 Rb1+ 31. Kg2 Rc1 32. Ne7+ Kf8 33. Nxg6+ fxg6 34. Rxa2 Rc7 35. Rxa4 Ke7 36. Ra8 Kf6 37. f4 e5 38. Ra6+ 1-0

[Event "Carnaval"]
[Site "Quebec CAN"]
[Date "2004.02.15"]
[Round "4"]
[White "Drolet, Stephane"]
[Black "Lessard, Claude"]
[Result "1-0"]
[WhiteElo "2130"]
[BlackElo "2001"]
[PlyCount "103"]
[GameId "2160767911192026"]
[EventDate "2004.02.13"]
[EventType "swiss"]
[EventRounds "5"]
[EventCountry "CAN"]
[SourceTitle "EXT 2005"]
[Source "ChessBase"]
[SourceDate "2004.11.15"]
[SourceVersion "1"]
[SourceVersionDate "2004.11.15"]
[SourceQuality "1"]

1. d4 Nf6 2. Nf3 c5 3. c3 cxd4 4. cxd4 g6 5. Nc3 d5 6. Bf4 Bg7 7. h3 Nc6 8. e3 O-O 9. Bd3 a6 10. O-O b5 11. Rc1 Bb7 12. Ne5 Nxe5 13. Bxe5 Ne8 14. Bh2 Nd6 15. Bxd6 Qxd6 16. Qb3 Qd7 17. a4 b4 18. Qxb4 Rab8 19. Qa3 e5 20. Ne2 e4 21. Bb1 Bc6 22. Bc2 Rfc8 23. Nc3 Bf8 24. Qa2 Qb7 25. Rb1 a5 26. Rfc1 Kg7 27. Bd1 f5 28. Be2 Bb4 29. Nb5 Qf7 30. Qb3 Bxb5 31. Bxb5 f4 32. Rc6 Bd2 33. Rxc8 Rxc8 34. Rd1 Bb4 35. exf4 Qxf4 36. Qxd5 Rc1 37. Rxc1 Qxc1+ 38. Bf1 e3 39. Qe5+ Kf7 40. Qf4+ Kg7 41. Qxe3 Qxb2 42. Qe5+ Kf8 43. Qh8+ Kf7 44. Bc4+ Ke7 45. Qxh7+ Kd8 46. Qg8+ Kc7 47. Qf7+ Kd8 48. Qd5+ Kc7 49. Qe5+ Kd8 50. Qb8+ Ke7 51. Qc7+ Kf6 52. Qe5# 1-0

[Event "Carnaval"]
[Site "Quebec CAN"]
[Date "2004.02.15"]
[Round "4"]
[White "Khaziyeva, Dinara"]
[Black "Marquis, Paul"]
[Result "1/2-1/2"]
[WhiteElo "2109"]
[BlackElo "1968"]
[PlyCount "73"]
[GameId "2160767911192028"]
[EventDate "2004.02.13"]
[EventType "swiss"]
[EventRounds "5"]
[EventCountry "CAN"]
[SourceTitle "EXT 2005"]
[Source "ChessBase"]
[SourceDate "2004.11.15"]
[SourceVersion "1"]
[SourceVersionDate "2004.11.15"]
[SourceQuality "1"]

1. c4 g6 2. Nf3 Bg7 3. g3 d6 4. Bg2 Bg4 5. Qb3 Bc8 6. O-O Nc6 7. d3 Nf6 8. Nc3 O-O 9. Bg5 h6 10. Bxf6 Bxf6 11. Rab1 Rb8 12. h3 Bd7 13. a3 Qc8 14. Kh2 Ne5 15. Nd5 Nxf3+ 16. exf3 c6 17. Nxf6+ exf6 18. Qc3 Qd8 19. f4 Be6 20. b4 d5 21. c5 d4 22. Qc2 a6 23. Rfe1 Re8 24. Re2 Qd7 25. Rbe1 Kf8 26. Qb2 Bf5 27. Rxe8+ Rxe8 28. Rxe8+ Kxe8 29. Qe2+ Qe6 30. Qxe6+ fxe6 31. Bf1 e5 32. g4 Be6 33. Kg3 g5 34. fxe5 fxe5 35. Bg2 Bd5 36. Be4 Bxe4 37. dxe4 1/2-1/2

[Event "Carnaval"]
[Site "Quebec CAN"]
[Date "2004.02.15"]
[Round "4"]
[White "Larochelle, Martial"]
[Black "Fortier, Marc-Andre"]
[Result "0-1"]
[WhiteElo "2194"]
[BlackElo "2205"]
[PlyCount "92"]
[GameId "2160767911192029"]
[EventDate "2004.02.13"]
[EventType "swiss"]
[EventRounds "5"]
[EventCountry "CAN"]
[SourceTitle "EXT 2005"]
[Source "ChessBase"]
[SourceDate "2004.11.15"]
[SourceVersion "1"]
[SourceVersionDate "2004.11.15"]
[SourceQuality "1"]

1. g3 g6 2. Bg2 Bg7 3. c4 d6 4. Nc3 e5 5. d3 Ne7 6. Nf3 O-O 7. O-O h6 8. Rb1 f5 9. Bd2 g5 10. b4 Nd7 11. e3 Ng6 12. Ne1 Nf6 13. f4 gxf4 14. exf4 exf4 15. gxf4 Ng4 16. Nf3 Bxc3 17. Bxc3 Ne3 18. Qd2 Nxf1 19. Rxf1 c6 20. Kh1 Kh7 21. Rg1 Rg8 22. Qe3 Qf8 23. Bf1 Qe7 24. Ng5+ hxg5 25. Rxg5 Rg7 26. Qh3+ Kg8 27. Rxg6 Rxg6 28. Qh8+ Kf7 29. Qh7+ Ke8 30. Qxg6+ Qf7 31. Qxd6 Be6 32. Be2 Rd8 33. Qc5 Qe7 34. Bh5+ Bf7 35. Qxf5 Bxh5 36. Qxh5+ Qf7 37. Qe2+ Kf8 38. Be5 Qf5 39. d4 Kf7 40. Kg2 Rg8+ 41. Kf3 Qh3+ 42. Ke4 Rg2 43. Qf1 Qxh2 44. c5 Re2+ 45. Kf3 Qh5+ 46. Kg3 Re3+ 0-1

[Event "Carnaval"]
[Site "Quebec CAN"]
[Date "2004.02.15"]
[Round "4"]
[White "Papineau (Granby), Daniel"]
[Black "Champetier, Serge"]
[Result "1-0"]
[WhiteElo "1999"]
[BlackElo "2005"]
[PlyCount "65"]
[GameId "2160767911192031"]
[EventDate "2004.02.13"]
[EventType "swiss"]
[EventRounds "5"]
[EventCountry "CAN"]

1. d4 d5 2. c4 Nc6 3. Nc3 dxc4 4. d5 Ne5 5. f4 Ng6 6. e4 e6 7. Bxc4 Bc5 8. Nf3 exd5 9. Qxd5 Qe7 10. Bb5+ Kf8 11. Qd3 c6 12. Ba4 Nf6 13. Bd2 Nh5 14. Ne2 Bg4 15. O-O-O Nf6 16. Nc3 Rd8 17. Qe2 b5 18. Bc2 Qc7 19. e5 Nd5 20. Nxd5 Rxd5 21. h3 Bxf3 22. Qxf3 Qb6 23. h4 Ne7 24. Bb3 Rd4 25. f5 Nd5 26. f6 g6 27. Bh6+ Ke8 28. Rxd4 Bxd4 29. Bxd5 Qc5+ 30. Kb1 Qxd5 31. Qxd5 cxd5 32. Rd1 Bxe5 33. Re1 1-0

[Event "Carnaval"]
[Site "Quebec CAN"]
[Date "2004.02.15"]
[Round "4"]
[White "Philippe, Denis"]
[Black "St Amand, Paul Jr"]
[Result "0-1"]
[WhiteElo "1986"]
[BlackElo "2090"]
[PlyCount "74"]
[GameId "2160767911192032"]
[EventDate "2004.02.13"]
[EventType "swiss"]
[EventRounds "5"]
[EventCountry "CAN"]
[SourceTitle "EXT 2005"]
[Source "ChessBase"]
[SourceDate "2004.11.15"]
[SourceVersion "1"]
[SourceVersionDate "2004.11.15"]
[SourceQuality "1"]

1. d4 Nf6 2. Nf3 e6 3. e3 c5 4. Bd3 b6 5. O-O Bb7 6. c4 Be7 7. Nc3 O-O 8. d5 d6 9. e4 e5 10. Ne1 Nbd7 11. g3 Re8 12. f4 exf4 13. gxf4 Bf8 14. b3 a6 15. Bb2 g6 16. Nf3 Bg7 17. Qd2 b5 18. Rae1 b4 19. Nd1 Bh6 20. Ng5 Nh5 21. Kh1 Ra7 22. Rf3 Bc8 23. Nf2 Ne5 24. Be2 Nxf3 25. Bxf3 Nxf4 26. Qxf4 Bxg5 27. Qg3 Bf6 28. e5 Bxe5 29. Bxe5 dxe5 30. Rxe5 Rxe5 31. Qxe5 Re7 32. Qf4 Re1+ 33. Kg2 Bf5 34. Qd2 Re8 35. Qf4 Qe7 36. Qd2 Qe3 37. Qxe3 Rxe3 0-1

[Event "Carnaval"]
[Site "Quebec CAN"]
[Date "2004.02.15"]
[Round "4"]
[White "Ramaswamy, Kishor"]
[Black "Landry, Sylvain"]
[Result "0-1"]
[WhiteElo "2054"]
[BlackElo "1980"]
[PlyCount "70"]
[GameId "2160767911192033"]
[EventDate "2004.02.13"]
[EventType "swiss"]
[EventRounds "5"]
[EventCountry "CAN"]
[SourceTitle "EXT 2005"]
[Source "ChessBase"]
[SourceDate "2004.11.15"]
[SourceVersion "1"]
[SourceVersionDate "2004.11.15"]
[SourceQuality "1"]

1. d4 d5 2. Nf3 Nf6 3. Bf4 c5 4. c3 Qb6 5. Qb3 c4 6. Qc2 Nc6 7. Nbd2 g6 8. e3 Bf5 9. Qc1 Bg7 10. b3 cxb3 11. axb3 Rc8 12. c4 O-O 13. Be2 Nd7 14. Nh4 Nxd4 15. exd4 Qxd4 16. Nxf5 gxf5 17. O-O Qxf4 18. Rxa7 Bh6 19. Rd1 Qe5 20. Bf3 Nc5 21. Qc2 d4 22. b4 d3 23. Qa2 Ne4 24. Bxe4 fxe4 25. Rxb7 e3 26. Nf3 Qe4 27. Rb5 e2 28. Re1 Qxc4 29. Qxc4 Rxc4 30. Rd5 Rc3 31. g4 f6 32. Kg2 e5 33. Ng1 Rc1 34. Rxc1 Bxc1 35. Nf3 d2 0-1

[Event "Carnaval"]
[Site "Quebec CAN"]
[Date "2004.02.15"]
[Round "4"]
[White "Valley, Michel"]
[Black "Caire, Francois"]
[Result "0-1"]
[WhiteElo "1850"]
[BlackElo "2038"]
[PlyCount "73"]
[GameId "2160767911192034"]
[EventDate "2004.02.13"]
[EventType "swiss"]
[EventRounds "5"]
[EventCountry "CAN"]
[SourceTitle "EXT 2005"]
[Source "ChessBase"]
[SourceDate "2004.11.15"]
[SourceVersion "1"]
[SourceVersionDate "2004.11.15"]
[SourceQuality "1"]

1. e4 c5 2. Nc3 Nc6 3. g3 g6 4. Bg2 Bg7 5. d3 d6 6. f4 e5 7. Nf3 Nge7 8. O-O O-O 9. h3 Rb8 10. g4 exf4 11. Bxf4 b5 12. Qc1 b4 13. Ne2 a5 14. Bh6 Ne5 15. Bxg7 Kxg7 16. Nf4 N7c6 17. Nxe5 Nxe5 18. Nd5 f6 19. Qd2 Be6 20. Nf4 Bd7 21. b3 Nc6 22. Ne2 Qb6 23. Kh1 Be6 24. g5 fxg5 25. Qxg5 Rxf1+ 26. Rxf1 Qd8 27. Qg3 Qe7 28. Nf4 Rf8 29. Ne2 Rxf1+ 30. Bxf1 Qf6 31. Nf4 Kf7 32. Bg2 Nd4 33. Nxe6 Qxe6 34. c3 bxc3 35. Qe1 c2 36. Qc1 Qf6 37. Qh6 0-1

[Event "Carnaval"]
[Site "Quebec CAN"]
[Date "2004.02.15"]
[Round "5"]
[White "Caire, Francois"]
[Black "Larochelle, Martial"]
[Result "0-1"]
[WhiteElo "2038"]
[BlackElo "2194"]
[PlyCount "60"]
[GameId "2160767911192035"]
[EventDate "2004.02.13"]
[EventType "swiss"]
[EventRounds "5"]
[EventCountry "CAN"]
[SourceTitle "EXT 2005"]
[Source "ChessBase"]
[SourceDate "2004.11.15"]
[SourceVersion "1"]
[SourceVersionDate "2004.11.15"]
[SourceQuality "1"]

1. d4 d5 2. Nf3 Nc6 3. g3 Bg4 4. Bg2 Qd7 5. O-O f6 6. b3 O-O-O 7. Bb2 g5 8. c4 e6 9. Nbd2 h5 10. c5 h4 11. b4 hxg3 12. fxg3 Nxb4 13. Qb3 Nc6 14. Bc3 e5 15. Rab1 b6 16. cxb6 axb6 17. Rfc1 e4 18. Ba5 exf3 19. Qb5 Qh7 20. h4 Nxa5 21. Qxb6 Bd6 22. exf3 Qd3 23. fxg4 Qe3+ 24. Kf1 Bxg3 25. Qb8+ Kd7 26. Qb5+ c6 27. Qe2 Qxe2+ 28. Kxe2 gxh4 29. Rc5 Bc7 30. Bh3 Kd6 0-1

[Event "Carnaval"]
[Site "Quebec CAN"]
[Date "2004.02.15"]
[Round "5"]
[White "Carrier, Claude"]
[Black "Sauve, Richard"]
[Result "0-1"]
[WhiteElo "1847"]
[BlackElo "1992"]
[PlyCount "136"]
[GameId "2160767911192036"]
[EventDate "2004.02.13"]
[EventType "swiss"]
[EventRounds "5"]
[EventCountry "CAN"]
[SourceTitle "EXT 2005"]
[Source "ChessBase"]
[SourceDate "2004.11.15"]
[SourceVersion "1"]
[SourceVersionDate "2004.11.15"]
[SourceQuality "1"]

1. e4 e6 2. d4 d5 3. Nc3 Nf6 4. e5 Nfd7 5. f4 c5 6. Nf3 Nc6 7. Be3 cxd4 8. Nxd4 Bc5 9. Na4 Bxd4 10. Bxd4 Ndxe5 11. Bxe5 Nxe5 12. Qd4 Qh4+ 13. Kd1 Ng6 14. g3 Qe7 15. Qxg7 Bd7 16. Qd4 O-O 17. Nc5 Rfc8 18. Nxd7 Qxd7 19. Be2 Qc7 20. c3 Qc5 21. h4 Qxd4+ 22. cxd4 Ne7 23. Rc1 Nf5 24. Kd2 Nxd4 25. Bd3 Nc6 26. h5 Nb4 27. a3 Nxd3 28. Kxd3 Kg7 29. Kd4 Kf6 30. g4 a6 31. b4 h6 32. Rhg1 Rxc1 33. Rxc1 Rg8 34. Rg1 Rc8 35. Kd3 Rc4 36. Rf1 a5 37. bxa5 Ra4 38. g5+ Kf5 39. gxh6 Rxa3+ 40. Kd4 Ra4+ 41. Ke3 Rxa5 42. Rb1 Ra3+ 43. Kd4 Rh3 44. Rxb7 Kf6 45. f5 Rh4+ 46. Kc5 e5 47. Kxd5 Rxh5 48. Ke4 Rh4+ 49. Kd5 Rd4+ 50. Kc5 Rd8 51. Ra7 e4 52. h7 e3 53. Ra3 Kxf5 54. Rxe3 Kg6 55. Rh3 Rh8 56. Kd4 Rxh7 57. Rxh7 Kxh7 58. Ke5 Kg6 59. Kf4 Kf6 60. Ke4 Kg5 61. Kf3 Kf5 62. Kf2 Kf4 63. Kg2 Ke3 64. Kg1 f5 65. Kg2 f4 66. Kf1 Kf3 67. Kg1 Ke2 68. Kh2 f3 0-1

[Event "Carnaval"]
[Site "Quebec CAN"]
[Date "2004.02.15"]
[Round "5"]
[White "Landry, Sylvain"]
[Black "Drolet, Stephane"]
[Result "1-0"]
[WhiteElo "1980"]
[BlackElo "2130"]
[PlyCount "47"]
[GameId "2160767911192038"]
[EventDate "2004.02.13"]
[EventType "swiss"]
[EventRounds "5"]
[EventCountry "CAN"]
[SourceTitle "EXT 2005"]
[Source "ChessBase"]
[SourceDate "2004.11.15"]
[SourceVersion "1"]
[SourceVersionDate "2004.11.15"]
[SourceQuality "1"]

1. e4 g6 2. d4 Bg7 3. Nc3 c6 4. Nf3 d6 5. h3 Nf6 6. Be2 O-O 7. O-O Qc7 8. a4 e5 9. Be3 Nbd7 10. dxe5 dxe5 11. Qd2 Nh5 12. Rfd1 Nf4 13. Bf1 Re8 14. a5 Bf8 15. Ra4 Nc5 16. Rc4 Nce6 17. Nd5 Qd8 18. Nxe5 cxd5 19. exd5 Nxd5 20. Qxd5 Qf6 21. Ng4 Qxb2 22. Bd4 Nxd4 23. Nf6+ Kh8 24. Qxf7 1-0

[Event "Carnaval"]
[Site "Quebec CAN"]
[Date "2004.02.15"]
[Round "5"]
[White "Lawson, Eric"]
[Black "St Amand, Paul Jr"]
[Result "1-0"]
[WhiteElo "2347"]
[BlackElo "2090"]
[PlyCount "77"]
[GameId "2160767911192039"]
[EventDate "2004.02.13"]
[EventType "swiss"]
[EventRounds "5"]
[EventCountry "CAN"]
[SourceTitle "EXT 2005"]
[Source "ChessBase"]
[SourceDate "2004.11.15"]
[SourceVersion "1"]
[SourceVersionDate "2004.11.15"]
[SourceQuality "1"]

1. d4 Nf6 2. Bg5 e6 3. e4 h6 4. Bxf6 Qxf6 5. Nc3 d6 6. Qd2 g5 7. g3 Bg7 8. Nb5 Qe7 9. Bg2 Nc6 10. c3 a6 11. Na3 Bd7 12. O-O-O O-O-O 13. Nc2 Kb8 14. Kb1 Qe8 15. f4 gxf4 16. gxf4 Rg8 17. Ne2 Bh8 18. Ng3 Rg6 19. Rhf1 Qe7 20. f5 Rg5 21. Qf4 Rdg8 22. Bh3 e5 23. Qf3 exd4 24. cxd4 Qe8 25. Nh5 f6 26. Nf4 Ne7 27. d5 Nc8 28. Nd4 Nb6 29. Nde6 Bxe6 30. fxe6 Nc4 31. Bf5 Rg1 32. Qc3 Rxf1 33. Rxf1 Ne5 34. Rc1 Qe7 35. h4 Rg7 36. h5 Rg5 37. Ng6 Nxg6 38. hxg6 Bg7 39. Qxc7+ 1-0

[Event "Carnaval"]
[Site "Quebec CAN"]
[Date "2004.02.15"]
[Round "5"]
[White "Lessard, Claude"]
[Black "Khaziyeva, Dinara"]
[Result "0-1"]
[WhiteElo "2001"]
[BlackElo "2109"]
[PlyCount "102"]
[GameId "2160767911192041"]
[EventDate "2004.02.13"]
[EventType "swiss"]
[EventRounds "5"]
[EventCountry "CAN"]
[SourceTitle "EXT 2005"]
[Source "ChessBase"]
[SourceDate "2004.11.15"]
[SourceVersion "1"]
[SourceVersionDate "2004.11.15"]
[SourceQuality "1"]

1. d4 Nf6 2. Nf3 d6 3. g3 c6 4. Bg2 Nbd7 5. b3 e5 6. dxe5 dxe5 7. Bb2 Qc7 8. O-O Bc5 9. c4 O-O 10. Qc2 Re8 11. Nc3 Bf8 12. Rfd1 g6 13. Rd2 Nc5 14. e3 Bf5 15. Qd1 Rad8 16. Nh4 Rxd2 17. Qxd2 Rd8 18. Qe2 Bd3 19. Qe1 a5 20. Ba3 e4 21. Bh3 Nfd7 22. Bxd7 Nxd7 23. Bxf8 Kxf8 24. f4 f5 25. Ne2 Qb6 26. Nd4 Kf7 27. g4 c5 28. Nb5 fxg4 29. Qg3 Nf6 30. f5 g5 31. Ng2 Rd7 32. Rd1 h5 33. h4 gxh3 34. Qxh3 Qd8 35. Qg3 Ng4 36. Nc3 Qc7 37. Qh3 Nf6 38. Nd5 Qe5 39. Nxf6 Kxf6 40. Qxh5 Qxf5 41. Qh8+ Kg6 42. Qg8+ Kh5 43. Qe8+ Kg4 44. Qg8 Kh3 45. Qh8+ Rh7 46. Qb8 Kg4 47. Qg8 Kf3 48. Rd2 Be2 49. Qb8 Rh3 50. Rd5 Qf6 51. Qc8 Qa1+ 0-1

[Event "Carnaval"]
[Site "Quebec CAN"]
[Date "2004.02.15"]
[Round "5"]
[White "Marquis, Paul"]
[Black "Ramaswamy, Kishor"]
[Result "1/2-1/2"]
[WhiteElo "1968"]
[BlackElo "2054"]
[PlyCount "61"]
[GameId "2160767911192042"]
[EventDate "2004.02.13"]
[EventType "swiss"]
[EventRounds "5"]
[EventCountry "CAN"]
[SourceTitle "EXT 2005"]
[Source "ChessBase"]
[SourceDate "2004.11.15"]
[SourceVersion "1"]
[SourceVersionDate "2004.11.15"]
[SourceQuality "1"]

1. e4 c6 2. d4 d5 3. Nc3 dxe4 4. Nxe4 Bf5 5. Ng3 Bg6 6. Nf3 Nd7 7. Nh4 Ngf6 8. Nxg6 hxg6 9. Bc4 e6 10. Qd3 Qc7 11. a4 O-O-O 12. Qe2 c5 13. dxc5 Bxc5 14. Bd2 Ne5 15. Bf4 Nd3+ 16. Bxd3 Qxf4 17. h3 Rd6 18. Kf1 g5 19. Qf3 Qb4 20. b3 Rh4 21. Ne2 g4 22. Qf4 gxh3 23. Qxb4 Bxb4 24. g3 Rh8 25. Nf4 Rdd8 26. Rxh3 Rxh3 27. Nxh3 Kd7 28. Ng5 Ke7 29. Ke2 b6 30. Rd1 Bc5 31. Kf3 1/2-1/2

[Event "Carnaval"]
[Site "Quebec CAN"]
[Date "2004.02.15"]
[Round "5"]
[White "Papineau (Granby), Daniel"]
[Black "Auger, Bertrand"]
[Result "0-1"]
[WhiteElo "1999"]
[BlackElo "2099"]
[PlyCount "60"]
[GameId "2160767911192043"]
[EventDate "2004.02.13"]
[EventType "swiss"]
[EventRounds "5"]
[EventCountry "CAN"]

1. d4 e6 2. c4 Nf6 3. Nc3 Bb4 4. f3 c5 5. d5 Nh5 6. Nh3 Qh4+ 7. Nf2 Qxc4 8. e4 Bxc3+ 9. bxc3 Qxc3+ 10. Bd2 Qf6 11. Qc1 Qe7 12. dxe6 dxe6 13. e5 Nc6 14. Bc3 g6 15. g4 Ng7 16. Qh6 Qf8 17. Ne4 Kd7 18. Rd1+ Kc7 19. Qe3 b6 20. Bb5 Bb7 21. O-O h5 22. Nd6 a6 23. Ba4 Qe7 24. Qe4 b5 25. Bc2 hxg4 26. fxg4 Rhd8 27. Rxf7 Qxf7 28. Nxf7 Nd4 29. Qf4 Ne2+ 30. Kf1 Nxf4 0-1

[Event "Cercle d'echecs de Hull ch"]
[Site "Gatineau CAN"]
[Date "2004.02.10"]
[Round "1"]
[White "Brousseau, Yvan"]
[Black "Mai, Lloyd"]
[Result "1-0"]
[WhiteElo "1976"]
[BlackElo "1839"]
[PlyCount "138"]
[GameId "2160767911192044"]
[EventDate "2004.02.10"]
[EventType "swiss"]
[EventRounds "5"]
[EventCountry "CAN"]

1. d4 Nf6 2. c4 g6 3. Nf3 d6 4. Nc3 Bg7 5. e4 O-O 6. Be2 e5 7. d5 Na6 8. O-O Nh5 9. Be3 f5 10. exf5 Bxf5 11. Qd2 Bd7 12. g3 Nf6 13. Nh4 b6 14. f3 Qe8 15. Ne4 Nc5 16. Qc2 Ncxe4 17. fxe4 Ng4 18. Bg5 Bf6 19. Bxf6 Rxf6 20. Rxf6 Nxf6 21. Rf1 Qe7 22. Qd3 Rf8 23. a3 Ng4 24. Rxf8+ Qxf8 25. Qf3 Qxf3 26. Nxf3 Nf6 27. Nd2 c6 28. Kf2 cxd5 29. cxd5 Ng4+ 30. Bxg4 Bxg4 31. Nc4 Bc8 32. Nxd6 Ba6 33. b4 b5 34. Ne8 Bc8 35. Kf3 h5 36. Nc7 Bd7 37. Na6 Kf7 38. Nc5 Bg4+ 39. Ke3 Ke7 40. a4 bxa4 41. Nxa4 Bd7 42. Nc5 Bb5 43. Kd2 a6 44. Kc3 g5 45. Ne6 Kf6 46. h4 gxh4 47. gxh4 Kf7 48. Nc5 Ke7 49. Nd3 Kf6 50. Nf2 Ke7 51. Nh1 Kf6 52. Ng3 Kg6 53. d6 Kh6 54. d7 Bxd7 55. Kc4 Kg6 56. Kc5 Be8 57. Kd6 Kf6 58. Ne2 Bb5 59. Nc3 Bd3 60. Nd5+ Kf7 61. Kxe5 Bb5 62. Nf4 Ke7 63. Nxh5 Be8 64. Nf6 Bf7 65. h5 Kd8 66. h6 Bg6 67. h7 Bxh7 68. Nxh7 Ke7 69. Kd5 Kd7 1-0

[Event "Cercle d'echecs de Hull ch"]
[Site "Gatineau CAN"]
[Date "2004.02.17"]
[Round "2"]
[White "Mai, Lloyd"]
[Black "Libersan, Mattieu"]
[Result "1/2-1/2"]
[WhiteElo "1839"]
[BlackElo "1841"]
[PlyCount "93"]
[GameId "2160767911192045"]
[EventDate "2004.02.10"]
[EventType "swiss"]
[EventRounds "5"]
[EventCountry "CAN"]

1. e4 c5 2. Nf3 d6 3. d4 cxd4 4. Nxd4 Nf6 5. Nc3 g6 6. f3 Bg7 7. Be3 O-O 8. Be2 Nc6 9. g4 Be6 10. h4 h5 11. gxh5 Nxh5 12. Nxe6 fxe6 13. Rg1 Kh7 14. Qd2 Qe8 15. O-O-O Qf7 16. Kb1 Nf4 17. Rdf1 Ne5 18. Nd1 Rac8 19. Rh1 Nc4 20. Bxc4 Rxc4 21. Bxf4 Qxf4 22. Qxf4 Rxf4 23. c3 d5 24. Ne3 Rc5 25. exd5 exd5 26. b4 Rc6 27. Nxd5 Rf7 28. h5 gxh5 29. Rxh5+ Kg8 30. Re1 e6 31. b5 Rd6 32. Ne3 Bxc3 33. Rc1 Rd3 34. Rc5 Rxe3 35. R1xc3 Rfxf3 36. Rc8+ Kg7 37. R8c7+ Kf6 38. Rxe3 Rxe3 39. Rxb7 Ra3 40. Kb2 Ra5 41. Kb3 a6 42. a4 axb5 43. Rxb5 Rxb5+ 44. axb5 Ke7 45. Kc4 Kd6 46. Kd4 e5+ 47. Ke4 1/2-1/2